[Event "EU-ch 4th"]
[Site "Istanbul"]
[Date "2003.05.30"]
[Round "1"]
[White "Mamedyarov, Shakhriyar"]
[Black "Marcelin, Cyril"]
[Result "1-0"]
[WhiteElo "2607"]
[BlackElo "2503"]
[Annotator "Tsesarsky,I"]
[PlyCount "99"]
[EventDate "2003.05.30"]
[EventType "swiss"]
[EventRounds "13"]
[EventCountry "TUR"]
[SourceTitle "CBM 096"]
[Source "ChessBase"]
[SourceDate "2003.09.25"]
[SourceVersion "1"]
[SourceVersionDate "2003.09.25"]
[SourceQuality "1"]

1. d4 Nf6 2. c4 e6 3. Nc3 d5 4. Nf3 c5 5. cxd5 Nxd5 6. e4 Nxc3 7. bxc3 cxd4 8.
cxd4 Bb4+ 9. Bd2 Bxd2+ 10. Qxd2 O-O 11. Bc4 Nd7 12. O-O b6 13. Rad1 Bb7 14.
Rfe1 Rc8 15. Bd3 (15. Qd3 Qc7 16. Ba6 $11 {1/2-1/2 Koutsin,S-Pachman,L/CZE
1995/EXT 97 (23)}) ({The mainline is} 15. Bb3 Nf6 (15... Qf6 16. h3 (16. Qb4
Qf4 17. Qe7 Rc7 18. Qg5 Qxg5 19. Nxg5 h6 20. Nf3 Rcc8 $11 {1/2-1/2 Zhu
Chen-Portisch,L/Amsterdam 2001/EXT 2002 (34)}) (16. Qe3 Rfd8 17. g3 $6 $15 {
1/2-1/2 Vaganian,R-Butnorius,A/Riga 1975/EXT 2003 (50)}) 16... Rfd8 17. Qe3 h6
18. Nh2 Qe7 19. Nf1 b5 20. d5 $132 {1/2-1/2 Illescas Cordoba,M-Ivanchuk,V/Bled
2002/EXT 2003 (31)}) (15... Re8 16. Qf4 (16. d5 exd5 17. Bxd5 Bxd5 18. exd5 Qf6
19. d6 h6 $11 {1/2-1/2 Stull,N-Sosa Harrison,J/Novi Sad 1990/TD (45)}) 16...
Qf6 17. Qd6 Red8 18. Qa3 a5 19. Ba4 Qf4 20. Qe7 Qc7 21. d5 Qc5 22. d6 $16 {
1-0 Van Wely,L-Hansen,C/Ter Apel 1993/CBM 35 (43)}) 16. Qf4 (16. d5 exd5 17.
exd5 Rc5 (17... Qd6 18. Nd4 Ng4 19. g3 Rfe8 20. Nb5 Qd7 21. Nxa7 Ra8 22. Nc6
Nf6 23. Ne5 Qd6 24. Qd4 $16 {1-0 Ftacnik,L-Pachman,L/CSR 1992/TD (41)}) 18. d6
Bd5 19. Qf4 (19. Bxd5 Rxd5 20. Qf4 Qa8 21. Nd4 Qc8 $14 (21... Rd8 22. Nf5 $16 {
1-0 Mohr,S-Eberlein,W/Baden-Baden 1990/GER (24)})) 19... Nh5 20. Qd4 Nf6 21.
Qf4 Nh5 22. Qd4 Nf6 23. Re5 Bxf3 24. gxf3 Rxe5 25. Qxe5 Re8 26. Qf4 Rf8 27. Ba4
Qb8 28. Qe5 Rd8 29. Qe7 h6 30. Qc7 Rc8 31. Qe7 Rd8 32. Bc6 $16 {1-0 Olafsson,
F-Unzicker,W/Lugano 1970/MCD (47)}) 16... Qc7 17. Qh4 Rfd8 18. Re3 b5 19. Rde1
a5 20. a4 b4 21. d5 exd5 22. e5 Nd7 (22... Ne4) 23. Ng5 Nf8 24. Nxh7 Qb6 (24...
Nxh7 25. Rh3 $18 {1-0 Keres,P-Fine,R/Ostende 1937/HCL (31)}) 25. Rh3 Ng6 26.
Qh5 Re8 27. Ng5 Rxe5 28. Rxe5 Rc1+ 29. Bd1 Rxd1+ 30. Qxd1 Nxe5 $13) 15... Re8 (
{Alternative is} 15... Qe7 16. Qf4 (16. a4 $14) 16... Rc3 (16... Rfd8 17. h3
Nf8 18. h4 f6 19. Re3 Kh8 20. Rde1 Rc3 21. Bb1 (21. h5 e5 $19 {0-1 Ghorbani,
M-Roghani,A/Tehran 2002/CBM 89 ext (40)}) 21... Rxe3 22. Qxe3 $14) 17. Re3 (17.
d5 Qa3 18. Bb1 exd5 19. e5 g6 20. h4 Nc5 21. h5 Ne6 22. Qg4 Rc4 23. Qg3 $15 {
0-1 Granero Roca,A-Lopez Martinez,J/Mislata 2001/EXT 2002 (40)}) 17... Rfc8 18.
h4 (18. e5 Nf8 (18... Bxf3 19. Rxf3 $14 {[%csl Rd7]}) 19. Ng5 Bd5 20. Ne4 Ng6
21. Qg4 h5 22. Qe2 Rc1 $11) 18... Nf6 19. Ne5 $132 {[%csl Gc3,Gc8] Black
obtained good counterplay because of strong RR pair on the c-file.}) 16. h4 {
All other continuations weren't in White's favour either, for example:} (16.
Qe3 Rc3 17. e5 {[%csl Rc3][%cal Gd3h7]} Qc7 18. Ng5 {[%csl Rh7]} Nf8 19. Ne4
Bxe4 20. Qxe4 Rd8 21. h4 Qe7 $11 {Opening part is over, but the game is such
amazing, I'v decided not to cut it here...} 22. Qg4 Ra3 23. Bc4 b5 24. Bb3 a5
25. d5 a4 (25... exd5 26. Bxd5 Ra4 (26... Ne6 27. Bxe6 Rxd1 28. Bxf7+ $18) 27.
Qe2 {[%csl Rb5]} Rxh4 28. Qxb5 (28. Bxf7+ Kxf7 29. e6+ Nxe6 30. Rxd8 Qxd8 31.
Qxe6+ Kf8 32. Qf5+ Kg8 33. Qxb5 {[%cal Ge1e8]} Rb4 $11) 28... a4 $14) 26. dxe6
axb3 27. exf7+ Kh8 28. Rxd8 Qxd8 29. axb3 Qe7 30. e6 Ra6 31. f4 h6 (31... Rxe6
32. Rxe6 Qxe6 33. Qxe6 Nxe6 34. f5 Nf8 35. h5 g6 36. h6 gxf5 37. Kf2 $18) 32.
f5 $18 {1-0 Kortschnoj,V-Najdorf,M/Wijk aan Zee 1971/MCL (40)}) (16. Bb1 h6 17.
h3 Qc7 18. Nh2 Qc3 19. Qf4 e5 (19... Nf8 20. Re3 Ng6 21. Qg4 Qc7 22. e5 $16 {
1-0 Grooten,H-Horvath,C/Leeuwarden 1995/EXT 97 (37)}) 20. Qf5 Nf6 21. d5 Qb4
$11) 16... h6 17. Bb5 Re7 18. Bxd7 {This exchange doesn't help to White. The
game is equal.} Rxd7 19. Ne5 Rdc7 (19... Rd6 20. h5 Rc5 21. Qf4 Rc7 $132) 20.
Qf4 Qd6 21. Qg4 Rc2 22. Qh5 $6 $15 {[%csl Rf7]} (22. a4 $142 $132) 22... R8c7
23. Ng4 $2 $17 {White plays too risky. White hasn't enough reources for
successful Attack.} (23. Re2 $142 $15) 23... Rxa2 24. d5 exd5 ({Very strong was
} 24... Kh7 $1 {protecting Ph6.} 25. e5 Qb4 26. d6 Rd7 27. Re3 Qf4 $19) 25.
exd5 Re7 $4 $18 {Terrible move.} ({Black could retain an advantage after} 25...
Rc8 26. Ne5 Rf8 (26... Rc7 27. Ng4) 27. Qf5 a5 28. Qd7 Qc5 29. Nd3 Qc8 30. Qb5
Rd8 $17) 26. Rxe7 Qxe7 27. d6 {[%csl Ra2,Gd6] Pd6 became too strong. Ra2 is
far from the action in the centre.} Qe4 $8 28. Ne3 {[%cal Gd6d8]} Rxf2 (28...
Bc6 29. d7 Bxd7 30. Rxd7 Ra1+ 31. Nf1 Qc4 {[%csl Rf1,Gf7]} 32. Rd8+ Kh7 33. Rd1
$16) 29. Kxf2 Qf4+ 30. Ke1 Qxe3+ 31. Qe2 Qg1+ (31... Qg3+ 32. Kf1 Qh2 33. d7
Qh1+ 34. Kf2 Qxg2+ 35. Ke1 Qg1+ 36. Kd2 Qd4+ 37. Qd3 $18) 32. Kd2 Qd4+ 33. Qd3
Qf2+ 34. Kc3 Bc6 35. d7 Bxd7 36. Qxd7 Qg3+ 37. Rd3 Qe1+ 38. Kb3 Qb1+ 39. Kc4
Qc2+ 40. Kb5 Qb2+ 41. Ka6 Qa2+ 42. Kb7 Qxg2+ 43. Kxa7 Qa2+ 44. Kb7 h5 45. Qc8+
Kh7 46. Qf5+ g6 47. Qf6 Qc4 48. Rd8 Qe4+ 49. Ka7 Qa4+ 50. Kb8 1-0

[Event "St Petersburg-ch"]
[Site "St Petersburg"]
[Date "1998.04.19"]
[Round "12"]
[White "Biriukov, Oleg V"]
[Black "Aseev, Konstantin N"]
[Result "1/2-1/2"]
[WhiteElo "2390"]
[BlackElo "2565"]
[Annotator "Tsesarsky,I"]
[PlyCount "82"]
[EventDate "1998.04.07"]
[EventType "tourn"]
[EventRounds "13"]
[EventCountry "RUS"]
[EventCategory "10"]
[SourceTitle "CBM 065"]
[Source "ChessBase"]
[SourceDate "1998.08.06"]
[SourceVersion "1"]
[SourceVersionDate "1998.08.06"]
[SourceQuality "1"]

{[%mdl 20772]} 1. Nf3 Nf6 2. c4 c5 3. Nc3 Nc6 4. g3 d5 5. d4 e6 6. cxd5 Nxd5 7.
Bg2 Ndb4 $1 $11 (7... Nb6 8. e3 (8. Bg5 f6 9. Be3 (9. dxc5 Bxc5 10. Ne4 Qxd1+
11. Rxd1 Bb4+ 12. Bd2 Bxd2+ 13. Nfxd2 Ke7 14. f4 a5 15. Nc5 a4 16. a3 Ra5 17.
Rc1 Rd8 $11 {1-0 Agdestein,S-Chandler Murray G/Hastings (ENG) 1992 (43)}) 9...
Nc4 10. O-O Nxe3 11. fxe3 Be7 12. Qb3 Qb6 $11 {1-0 Ivanchuk,V-Seirawan,Y/
Tilburg4.01 1992 (39)}) 8... Be7 9. O-O (9. Ne5 Nxe5 10. dxe5 Qxd1+ 11. Kxd1
O-O 12. Ke2 Nc4 13. f4 Rb8 14. b3 Na5 15. Nb5 Bd7 $11 {1-0 Ehlvest,J-Chandler,
M/Reykjavik WCup 1991 (35)}) 9... O-O 10. dxc5 Bxc5 11. b3 e5 12. Bb2 Bf5 13.
Qxd8 Rfxd8 14. Rfd1 f6 15. Ne1 $11 {1/2-1/2 Karpov,A-Ivanchuk,V/Polanica Zdroj
POL 1998 (33)}) (7... Nxc3 8. bxc3 cxd4 9. cxd4 Bb4+ 10. Bd2 Be7 (10... Bxd2+
11. Qxd2 $14) 11. Bc3 (11. O-O O-O (11... Nxd4 12. Qa4+ Nc6 13. Ne5 Bd7 (13...
Qxd2 14. Nxc6 Bd7 15. Rad1 Qg5 16. Rxd7 $18) 14. Nxc6 bxc6 15. Bxc6 Rc8 16.
Bxd7+ Qxd7 17. Qxd7+ Kxd7 18. Rfd1 Bf6 19. Be3+ Ke8 20. Rab1 $16) 12. e3 $1 $14
(12. Rb1 $6 Nxd4 13. Nxd4 Qxd4 14. Qc2 Qc5 15. Qxc5 Bxc5 16. Bxb7 $11) (12. Bc3
$1 $14)) 11... O-O 12. O-O Bd7 (12... b6 13. Ne5 $18) 13. Qd2 $14 {1-0 Gulko,
B-Vaganian,R/Erevan 1996/CBM 53/[Ftacnik] (30)}) (7... cxd4 8. Nxd4 Nxc3 9.
bxc3 Nxd4 10. Qxd4 (10. cxd4 Bb4+ 11. Bd2 Qxd4 12. Qa4+ Bd7 $19) 10... Be7 $11
(10... Qxd4 11. cxd4 Bd6 (11... Bb4+ 12. Bd2 Bxd2+ 13. Kxd2 $16) 12. Bf4 (12.
O-O Rb8 13. Bd2 (13. e4 O-O (13... b6 14. Bb2 Bb7 15. Rac1 Kd7 16. d5 $14) 14.
e5 Be7 (14... Bc7 15. Ba3 Rd8 16. Rac1 $16) 15. Be3 Bd7 (15... b6 16. Rfc1 Bd8
17. Bd2 $16) 16. Rfc1 Rfc8 17. Rxc8+ Bxc8 18. Rc1 $16 {1-0 Kramnik,V-Lautier,J/
Horgen 1995/CBM 50/[Kramnik] (64)}) 13... Bd7 14. Rfc1 O-O 15. Bf4 Bxf4 16.
gxf4 Rfc8 17. Rxc8+ Bxc8 18. Rc1 Bd7 19. Rc7 Bb5 20. e3 Ba6 21. d5 $16) (12.
Rb1 Rb8 13. Bf4 Ke7 14. Bxd6+ Kxd6 15. Rb3 b6 16. Ra3 Bb7 17. e4 a6 18. Kd2 Ke7
19. Rb1 b5 20. Rd3 $14) 12... Bxf4 (12... Ke7 13. Bxd6+ Kxd6 14. Kd2 Rb8 15.
Rab1 b6 16. Rhc1 $14) 13. gxf4 Rb8 (13... Ke7 14. e3 Rb8 15. Kd2 b6 16. Rac1
$14) 14. Kd2 Ke7 15. Rhc1 $14 {1-0 Razuvaev,Y-Hemming,M/Dortmund 1995 (30)}))
8. e3 (8. a3 $2 cxd4 9. axb4 Bxb4 10. Ne5 (10. Nxd4 Nxd4 11. O-O O-O 12. Be3 e5
13. Nd5 Bc5 $17) 10... Qb6 11. Nxc6 bxc6 12. Bd2 dxc3 13. bxc3 Bc5 14. O-O O-O
15. Rb1 Qa6 $17 {1/2-1/2 Pinkerneil,R-Muenz,H/cr GER/M-VorrJ12 1986 (30)}) 8...
cxd4 9. exd4 Nxd4 10. Nxd4 Qxd4 11. O-O Qxd1 12. Rxd1 $44 Bc5 (12... Be7 13.
Bf4 O-O (13... g5 14. Nb5 O-O $132) 14. Nb5 Nc6 (14... a6 15. Nc7 Ra7 16. Be3
$18) (14... g5 15. Nc7 Rb8 16. Nd5 gxf4 17. Nxe7+ Kg7 18. a3 Nc6 (18... Na6 19.
Rac1 $18 {[%csl Rb7,Rc8]}) 19. Nxc6 bxc6 20. Rd2 fxg3 21. hxg3 Bb7 $44) 15. Nc7
Rb8 16. Bxc6 bxc6 17. Nd5 exd5 18. Bxb8 Bg4 19. Re1 Bb4 20. Bxa7 Bxe1 21. Rxe1
$11) 13. Bf4 O-O 14. Nb5 a5 $2 $16 (14... Nc6 15. Rac1 Bb6 16. Nc7 Rb8 (16...
Bxc7 17. Bxc7 a5 18. a4 f6 $11) 17. Na6 Ra8 18. Nc7 $11) (14... a6 15. Nc7 Ra7
16. a3 Nc6 17. Rac1 Bb6 18. Bxc6 bxc6 19. Rxc6 Bxc7 20. Bxc7 Bb7 21. Rc3 Bd5
$11) 15. Nc7 (15. Rac1 $2 Bb6 16. a3 Nd5 17. Bxd5 exd5 18. Bc7 Ra6 19. Rxd5 (
19. Bxb6 Rxb6 20. Rxd5 Be6 21. Rdc5 Bd7 $11) 19... Be6 20. Rd6 Rc8 21. Rc3 Bxc7
22. Rxa6 bxa6 23. Nxc7 Rb8 $11) 15... Ra7 16. a3 $1 (16. Nb5 $2 Ra8 (16... Ra6
17. Rac1 Bb6 18. Nd6 Nc6 19. Nxc8 Rxc8 20. Rd7 $14) 17. Rac1 Bb6 $11) 16... Nd5
(16... Na6 17. Nb5 Ra8 18. Rac1 Re8 19. Nd6 Bxd6 20. Bxd6 f6 21. f4 Ra7 22. Bc7
a4 23. Bb6 Ra8 24. Rd4 Nb8 25. Rc7 Na6 26. Rcc4 e5 27. fxe5 fxe5 28. Rd6 Nb8 (
28... Kf7 29. Rxa4 $16) 29. Bd5+ Kh8 30. Rc7 Nc6 31. Kf2 (31. Be4 Ra6 32. Bc5
Ra5 33. Be3 Ra8) 31... Ra6 32. Bc5 (32. Bf7 Rf8 33. Bc5 Bg4 34. Rxb7 Bh5 35.
Rdd7 Rxf7+ 36. Rxf7 Bxf7 37. Rxf7 h6 38. Ke3 Ra5 39. Bf8 Kg8 40. Rc7 Kxf8 41.
Rxc6 Rb5 42. Rc2 Ke7 $11) (32. Bxc6 bxc6 33. Rcxc6 Bh3 $11) 32... Nd4 (32...
Ra5 33. Bf7 $18) (32... Nb8 33. Bxb7 Rxd6 34. Bxd6 Bxb7 35. Rxb7 Nc6 36. Rc7
$18) 33. Bf7 $18) 17. Nxd5 exd5 18. Rxd5 (18. Rac1 b6 $11) 18... b6 19. Bd6 (
19. Re1 Be6 $11) 19... Bxd6 (19... Rd8 20. Bxc5 Rxd5 21. Bxb6 Ra6 22. Bxd5 Rxb6
23. Rc1 $16) 20. Rxd6 b5 (20... Re8 21. Rxb6 $16) 21. Rb6 (21. Bc6 Ra6 22. Rad1
b4 23. R1d4 (23. a4 h6 24. f4 Bg4 25. R1d2 Rc8 26. Rd8+ Rxd8 27. Rxd8+ Kh7 28.
Bb5 Ra7 $11) 23... bxa3 24. bxa3 Bh3 25. Bg2 Rxd6 26. Rxd6 Bxg2 27. Kxg2 Rb8
28. Ra6 g6 29. Rxa5 Rb3 $1 $11) 21... Bd7 22. Bf1 (22. Rd1 Re8 23. Bf1 g6 (
23... Kf8 24. Bxb5 Bxb5 25. Rxb5 Re2 26. Rd8+ Ke7 27. Rdb8 a4 28. Kg2 Rd7 29.
Ra8 Rdd2 30. Ra7+ Ke6 (30... Rd7 31. Rxa4 $18) 31. Rb6+ Kd5 32. Rxf7 $18) 24.
Bxb5 Bxb5 25. Rxb5 Re2 26. Rd6 $1 $16 (26. a4 Ra6 $1 $44)) 22... Rc8 23. Bxb5
Bxb5 24. Rxb5 g6 25. a4 $2 $44 (25. Rd1 Rc2 (25... Ra6 26. Rd7 Rc2 $44) 26. Rd6
$16) 25... Rc2 26. b3 (26. Rd1 Ra6 $44) 26... Rb2 (26... Ra6 $44) 27. Rd1 Ra6
28. Rd4 (28. Rd3 Rf6 29. f3 Re6 $15) 28... Rf6 29. Rf4 Rxf4 30. gxf4 Kg7 31.
Kg2 (31. f5 gxf5 32. Rxf5 Rxb3 33. Rxa5 Ra3 $44) 31... f5 32. Rb7+ Kh6 33. h3
Rc2 34. Rb5 Rc3 35. Rxa5 Rxb3 36. Ra7 Rb4 37. Kg3 Rb3+ 38. f3 Rb4 39. a5 Ra4
40. a6 Ra2 41. h4 Ra4 (41... Ra4 42. h5 gxh5 43. Ra8 h4+ 44. Kxh4 Rxf4+ 45. Kg3
Ra4 $11) 1/2-1/2

[Event "New York op"]
[Site "New York"]
[Date "1998.03.17"]
[Round "3"]
[White "Onischuk, Alexander"]
[Black "Magem Badals, Jordi"]
[Result "1-0"]
[WhiteElo "2610"]
[BlackElo "2535"]
[Annotator "Tsesarsky,I"]
[PlyCount "47"]
[EventDate "1998.03.16"]
[EventType "swiss"]
[EventRounds "9"]
[EventCountry "USA"]
[SourceTitle "CBM 064"]
[Source "ChessBase"]
[SourceDate "1998.06.02"]
[SourceVersion "1"]
[SourceVersionDate "1998.06.02"]
[SourceQuality "1"]

1. e4 c6 2. c4 d5 3. exd5 cxd5 4. cxd5 Nf6 5. Nc3 Nxd5 6. Nf3 Nc6 7. d4 e6 8.
Bc4 Be7 9. O-O O-O 10. Re1 Nxc3 (10... Nb6 11. Bb3 Nb4 12. Ne5 N4d5 13. Qf3 f6
14. Nd3 $14) (10... Bf6 $5) 11. bxc3 b6 12. Bd3 Bb7 13. h4 (13. Qc2 $5) 13...
Bf6 (13... Bxh4 $1 14. Nxh4 (14. Qe2 Bf6 15. Qe4 g6 $17) 14... Qxh4 15. Re4 $5
(15. Re3 g6 $1 (15... h6 16. Rh3 Qe7 (16... Qf6 17. Qg4 g6 (17... g5 $2 18. f4
$1 Qg7 19. fxg5 f5 20. Qe2 $1 Nxd4 (20... hxg5 21. Qxe6+ Rf7 (21... Qf7 22. Qh6
) 22. Bc4) (20... Rae8 21. Rxh6 Rf7 22. Qh5 {1-0 Rabiega,R-Bauer,R/BL2-N 1996})
21. cxd4 Qxd4+ 22. Kh2 $18 {Stringer 1-0 Stringer,V-Gardner,A/corr England
1992 (28)}) 18. Bxh6 $16) 17. Qh5 (17. Qg4 f5 $15) (17. Rg3 Kh8 18. Qh5 f5 19.
Bxh6 gxh6 20. Qxh6+ Qh7 21. Qxe6 Rae8 22. Qd6 Rd8 (22... Rg8 23. Qf6+ Rg7 24.
Bxf5 $18) 23. Qf4 Rg8 24. Bxf5 $18) 17... Qf6 $8 18. Qg4 $16) (15... f5 16.
Rxe6 Na5 17. Qe2 f4 18. f3 Bd5 19. Re5 Bf7 20. Ba3 {+/- Mikhalchishin,
A-Stopkin,V/USSR 1984}) 16. Rh3 (16. Rg3 Qe7 (16... Qf6 17. Qg4 Qg7 18. Qh4 f5
(18... Rfc8 $5 19. Bh6 Qh8 20. Bg5 h5 21. Re1 $16) 19. Bh6 Qf6 20. Bg5 Qf7 21.
Re1 Na5 22. c4 $132 {1-0 Anand,V-Morrison,G/Blackpool GBR ch 1988 (46)}) 17.
Bh6 Rfd8 18. Qg4 f5 19. Qh3 Qf7 20. Re1 Rac8 21. Rge3 Re8 22. Bb5 Na5 (22... a6
$5 $132) 23. Bxe8 Rxe8 24. Qg3 Bd5 $44 {1-0 Grebennikov,S-Tolnai,T/Kecskemet
1991 (45)}) 16... Qe7 (16... Qf6 17. Bh6 Rfe8 18. Qg4 Rac8 19. Bg5 Qg7 20. Qh4
f5 21. Re1 Na5 22. Rhe3 Qf7 23. Bb5 Bc6 24. Bxc6 Nxc6 25. c4 Qd7 26. Bf6 Qf7 (
26... Na5 27. d5 Rxc4 28. Qh6 Re4 29. Rxe4 fxe4 30. Rxe4 Qf7 31. Bb2 e5 32.
Rxe5 Rxe5 33. Bxe5 Nc4 34. Bd4 $14) 27. d5 exd5 28. Rxe8+ Rxe8 29. Rxe8+ Qxe8
30. cxd5 Qe1+ 31. Kh2 Ne5 32. d6 Qe2 $1 (32... Ng4+ 33. Qxg4 $1 $18) (32... Nd7
$4 33. Qc4+ Kf8 34. Qc8+ Qe8 35. Be7+ Kf7 36. Qc4+ Kg7 37. Qe6 $1 $18 {1-0
Kasparow-Gonda/Cannes/SW,8,7 1988 (37)}) 33. Qd4 Ng4+ 34. Kg3 Nxf6 35. Qxf6
Qg4+ 36. Kh2 Qh5+ 37. Kg1 Qd1+ $11) 17. Qd2 (17. Qg4 Rfd8 18. Bg5 f6 19. Bf4 e5
20. Bc4+ Kf8 $44) (17. Bh6 Rfe8 18. Qd2 f6 (18... Na5 19. Re1 Bd5 20. Qf4 f6
21. Qh4 f5 (21... Rac8 22. Bxg6 hxg6 23. Bg5 Qg7 24. Bxf6 g5 25. Bxg5 $18) 22.
Qf4 Qf7 23. g4 $132 {1-0 Hansen Lars Bo-Jelling Erik/Ch Denmark (team) 1995 
(29)}) 19. Re1 Qf7 20. Rhe3 Na5 21. Qe2 Rac8 22. f4 f5 23. c4 b5 24. c5 Bd5 25.
Bxb5 Nc6 26. Rd1 Qf6 $11 {0-1 Szypulski,A-Luczak,A/Jachranka POL tt 1987 (32)})
17... f5 18. Qh6 Qd7 19. Bb2 Rac8 20. Re1 Rfe8 $44) 15... Qe7 16. Qh5 g6 17.
Qh6 f6 18. Rh4 (18. Bc4 Nd8 $15 (18... Ne5 $2 19. Ba3 Qf7 20. Bxe6 Qxe6 21.
Bxf8 Rxf8 22. Rh4 Qf7 23. dxe5 fxe5 24. Qe3 $16)) 18... Qf7 (18... Qg7 $2 19.
Qxg7+ Kxg7 20. Bh6+ $16) 19. Ba3 (19. Bb2 Rad8 20. c4 e5 21. d5 Nb4 $17) 19...
Rfe8 (19... Rfc8 20. Re1 Rc7 21. Rg4 $44) 20. Re1 Rac8 21. Re3 $44) (13... Na5
14. Ng5 h6 15. Qh5 Bd5 16. Nh7 Re8 17. Bxh6) 14. Ng5 $132 (14. Bg5 Rc8 15. Rc1
(15. Bxf6 Qxf6 16. Ng5 g6 $132) 15... Na5 16. Qd2 Bxf3 17. gxf3 Nc4 18. Qf4
Bxg5 19. hxg5 e5 20. Qg4 exd4 21. cxd4 Nd6 $11 {1/2-1/2 Hansen,J-Orr,M/
Thessaloniki olm 1984 (45)}) (14. Bc2 Qd5 15. Bg5 Qd8 16. Qd3 g6 17. Bh6 Re8
18. h5 Qd5 19. hxg6 hxg6 20. Bf4 Rac8 21. Bb3 Qh5 $132 {1/2-1/2 Liepold,S-Birk,
S/BL2-S 1989 (43)}) 14... g6 (14... h6 15. Nh7 Re8 (15... Bxh4 16. Nxf8 $16)
16. Qg4 Kh8 17. Nxf6 Qxf6 18. Qe4 $16) 15. Qg4 h5 (15... Rc8 $5) (15... Ne7 16.
Ba3 $13) 16. Qg3 (16. Qf4 e5 17. Qg3 Qd7 (17... exd4 18. Bc4 $1 Kg7 19. Bxf7
$16) 18. Ba3 Rfe8 19. Bc4 Bxg5 20. Qxg5 Qf5 21. Qxf5 gxf5 22. d5 Na5 23. Bb5
$16 {Sokolov,A-Christiansen,L/Dubai olm 1986/1/2-1/2 (81)}) 16... Qd7 (16...
Bg7 17. Nxe6 (17. Nxf7 Rxf7 18. Bxg6 Rf8 19. Bxh5 $16) 17... fxe6 18. Qxg6 Rf7
19. Qxh5 Ne7 (19... Qf6 20. Re2 $18) (19... Qd6 20. Qh7+ Kf8 21. Bg6 Rd7 22. a4
$18) 20. Bg5 $16) (16... Ne7 17. Ne4 (17. Ba3 Qd7 $1 (17... Re8 $4 18. Nxe6 $18
{1-0 Mikhalchishin,A-Luczak,A/Cappelle op 1989 (29)}) (17... Rc8 $4 18. Nxe6
fxe6 19. Rxe6 Rc7 20. Rae1 Rf7 21. Bxg6 $18 {1-0 Hansen,C-Georgiev,K/Kiljava
1984 (25)}) 18. Ne4 Bxe4 19. Bxe4 Rac8 20. Re3 Rfe8 21. Qf4 Bg7 22. Rae1 Nd5
23. Bxd5 Qxd5 $17 {Banas,J-Ostenstad,B/Trnava-B 1989/0-1 (72)}) 17... Bxe4 18.
Bxe4 Rc8 19. Bh6 Re8 20. Qf3 Bg7 21. Bg5 Qd6 22. Bb7 Rcd8 $11 {Djurhuus,
R-Ostenstad,B/Oslo 1988/1/2-1/2 (54)}) 17. Ne4 $5 (17. Nxe6 $5 fxe6 18. Bh6 Ne7
19. Bxf8 Rxf8 20. Bxg6 Nxg6 (20... Bxh4 21. Qxh4 Nxg6 22. Qxh5 Nf4 23. Qg5+ Qg7
24. Qxg7+ Kxg7 25. Re3 $14) 21. Qxg6+ Qg7 22. Qxg7+ Kxg7 23. Rxe6 Bxh4 24. g3
Bf6 25. Rae1 $13) (17. Ba3 $5 Rfd8 (17... Rfe8 18. Ne4 Bg7 19. Nd6 Red8 20.
Bxg6 fxg6 21. Qxg6 Rf8 (21... Bc8 22. d5 $1 exd5 23. Qg5 d4 24. cxd4 Nxd4 (
24... Ba6 25. Nf5 $18) 25. Re7 $18) 22. Qxh5 $16) (17... Ne7 $1 18. Bxe7 Qxe7 (
18... Bxe7 19. Nxe6 $18) 19. Bxg6 fxg6 20. Nxe6 Qf7 21. Nxf8 Rxf8 $132) 18.
Nxf7 Qxf7 19. Bxg6 Qg7 20. Rxe6 $16) 17... Bg7 18. Bg5 (18. Bh6 Rad8 19. Bxg7
Kxg7 20. Rad1 Rfe8 $132) 18... Ne7 $4 (18... Rac8 19. Bf6 Qc7 20. Qg5 Na5 21.
Bxg7 Kxg7 22. Qf6+ Kg8 (22... Kh7 23. Ng5+ Kg8 24. Bxg6 $18) 23. Qg5 (23. Rac1
Qd8 24. Qf4 Bxe4 25. Bxe4 Nc4 $132) 23... Kg7) 19. Qd6 $1 $18 Qxd6 20. Nxd6 f6
(20... Nd5 21. Nxb7 $18) 21. Rxe6 $1 (21. Nxb7 fxg5 22. Rxe6 $18) 21... Bd5 22.
Rxe7 fxg5 23. hxg5 Rad8 24. Nb5 1-0